Statistics for Phoenix City Trivia

Click here to take the quiz!

General Stats

  • This quiz has been taken 210 times
  • The average score is 13 of 31

Answer Stats

ClueAnswer% Correct
What is a phoenix in Greek mythology?a Bird
90%
NBA basketball teamSuns
75%
NFL football teamCardinals
72%
Term for someone from PhoenixPhoenician
69%
2008 Republican nomineeJohn McCain
67%
MBL baseball teamDiamondbacks
66%
Most populous suburbsMesa
66%
Airport code of Phoenix international airportPHX
66%
Phoenix surpassed this city to become nation's
fifth biggest city in 2015
Philadelphia
65%
Most populous suburbsScottsdale
65%
NHL hockey teamCoyotes
59%
State capitals whose metropolitan area are
more populous than Phoenix
Atlanta | Boston
57%
Most populous suburbsGlendale
53%
Most common nickname of Phoenix{Valley} of the Sun
49%
Most populous suburbsChandler
47%
Star of "La La Land" and "Easy A"Emma Stone
47%
Phoenix is the seat of this countyMaricopa
47%
Only city in the continental US with higher
average temperature annually
Miami
36%
Desert in which Phoenix is locatedSonoran Desert
35%
Hitchcock movie partly set in PhoenixPsycho
30%
Author of "Twilight"Stephenie Meyer
27%
Main river of PhoenixSalt River
26%
Architect who designed the First Christian ChurchFrank Lloyd Wright
24%
1997 series of UFO eventsPhoenix {Lights}
21%
"Five C's" of Phoenix economyCopper
16%
"Five C's" of Phoenix economyCotton
15%
"Five C's" of Phoenix economyCattle
14%
"Five C's" of Phoenix economyClimate
12%
"Five C's" of Phoenix economyCitrus
11%
Dam that blocks the aboveTheodore Roosevelt
9%
Navajo name of PhoenixHoozdo
2%

Score Distribution

Percentile by Number Answered

Percent of People with Each Score

Your Score History

You have not taken this quiz